[Event "Open Tournament for Experts"]
[Site "SchemingMind.com"]
[Date "2007.03.31"]
[Round "-"]
[White "Aumonde"]
[Black "GrischukFan"]
[Result "0-1"]
[WhiteCountry "USA"]
[BlackCountry "GER"]
[WhiteElo "2190"]
[WhiteRD "59"]
[BlackElo "2340"]
[BlackRD "83"]
[GameID "99071"]

1. e4 c5 2. d4 cxd4 3. c3 Nf6 4. e5 Nd5 5. cxd4 d6 6. Nf3 Nc6 7. Bc4 Nb6 8. Bb5 dxe5 9. Nxe5 Bd7 10. Nxd7 Qxd7
11. O-O e6 12. Nc3 Be7 13. Qg4 O-O 14. Bxc6 Qxc6 15. Bh6 Bf6 16. Rfd1 Qc7 17. Rd3 Rfc8 18. Rad1 Qe7 19. Rg3 g6 20. Rgd3 Rd8
21. Ne4 Bg7 22. Bxg7 Kxg7 23. Qe2 Rd7 24. Nc5 Rd5 25. Re1 Rad8 26. Red1 Nc8 27. Nb3 Nd6 28. Nd2 Nf5 29. Nf3 h6 30. R3d2 b5
31. Rd3 a5 32. h3 Qd6 33. R3d2 b4 34. Qd3 Qf4 35. a3 Nh4 36. Ne1 bxa3 37. g3 Qf6 38. bxa3 Rxd4 39. Qxd4 Rxd4 40. Rxd4 Nf5
41. Rd7 Qc3 42. g4 Nh4 43. R7d3 Qc6 44. R1d2 g5 45. Rc2 Qb7 46. Rc5 Qb6 47. Rdc3= Ng6 48. Ng2 a4 49. R5c4 Qb1+ 50. Rc1 Qb2
51. R4c3 Ne5 52. Ne1 h5 53. gxh5 Kh6 54. R1c2 Qb7 55. Re3 f6 56. Rcc3 Kxh5 57. Kh2 Qd5 58. Kg1 Ng6 59. Ng2 e5 60. Rf3 Nf4
61. Nxf4+ gxf4 62. Rfd3 Qa2 63. Rf3= f5
0-1

[Event "Open Tournament for Experts"]
[Site "SchemingMind.com"]
[Date "2007.03.30"]
[Round "-"]
[White "MichaelDV"]
[Black "GrischukFan"]
[Result "1/2-1/2"]
[WhiteCountry "SWE"]
[BlackCountry "GER"]
[WhiteElo "2361"]
[WhiteRD "72"]
[BlackElo "2293"]
[BlackRD "84"]
[GameID "99072"]

1. Nf3 Nf6 2. c4 e6 3. g3 d5 4. d4 Bb4+ 5. Bd2 Be7 6. Bg2 O-O 7. O-O c6 8. Bf4 Nbd7 9. Qc2 b6 10. Rd1 Bb7
11. Nc3 Rc8 12. b3 Nh5 13. Bc1 f5 14. a4 a5 15. Ba3 Bxa3 16. Rxa3 g5 17. Qc1 g4 18. Ne1 Qe7 19. Nd3 Ng7 20. Ra2 Qf6
21. Qf4 Nh5 22. Qe3 Rf7 23. f4 gxf3 24. Bxf3 f4 25. Nxf4 Nxf4 26. gxf4 Kh8 27. Kh1 Rg8 28. Rf1 c5 29. Nb5 Qxf4 30. Qxf4= Rxf4
31. Rg1 cxd4 32. Rxg8+ Kxg8 33. Kg2 Nc5 34. Kg3 Rf6 35. cxd5 e5 36. Rb2 Rg6+ 37. Kh4 Bc8 38. Na7 Bd7 39. Nc6 Bxc6 40. dxc6 e4
41. c7 Rc6 42. Bg4 Rxc7 43. Rd2 d3 44. exd3 Nxd3 45. Bf5 Re7 46. Re2 Nc5 47. Kg5 Nxb3 48. Rxe4 Rxe4 49. Bxe4 Kg7 50. Kf5 b5
51. axb5 Nd4+ 52. Ke5 Nxb5 53. Bc6 Nc3 54. Kd4 Nd1=
1/2-1/2

[Event "Open Tournament for Experts"]
[Site "SchemingMind.com"]
[Date "2007.03.30"]
[Round "-"]
[White "Cruyce"]
[Black "GrischukFan"]
[Result "1-0"]
[WhiteCountry "BEL"]
[BlackCountry "GER"]
[WhiteElo "2180"]
[WhiteRD "72"]
[BlackElo "2260"]
[BlackRD "85"]
[GameID "99073"]

1. d4 Nf6 2. Nf3 e6 3. g3 b5 4. Bg2 Bb7 5. Bg5 c5 6. O-O Be7 7. dxc5 Na6 8. Nc3 Bc6 9. Nd4 Bxg2 10. Kxg2 Nxc5
11. Ndxb5 d5 12. f3 a6 13. Nd4 Qb6 14. Nb3 O-O 15. Qd4 Qc7 16. Bf4 Qc6 17. Rad1 Rfd8 18. Qe3 Nxb3 19. axb3 Bc5 20. Qd3 d4
21. Ne4 Nxe4 22. Qxe4 Qxe4 23. fxe4 f6 24. Rd3 e5 25. Bd2 a5 26. Kf3 Bb6 27. e3 Rdc8 28. Rc1 dxe3 29. Bxe3 Bxe3 30. Kxe3 Rc7
31. c4 Kf7 32. Kd2 Ke6 33. Ra1 Rb7 34. Kc3 g6 35. g4 Rab8 36. Kc2 Ra8 37. Rd5 Rba7 38. Rb5 Ra6 39. Kc3 h5 40. gxh5 gxh5
41. c5 Kd7 42. Kc4 Kc7 43. b4 axb4 44. Rxa6 Rxa6 45. Rxb4 Ra1 46. Rb6 Rh1 47. Rxf6 Rxh2 48. b4 Rc2+ 49. Kb5 Re2 50. Rh6 Rxe4
51. Rxh5 Re1 52. Rh7+ Kd8 53. c6
1-0

[Event "Open Tournament for Experts"]
[Site "SchemingMind.com"]
[Date "2007.03.30"]
[Round "-"]
[White "hasan300"]
[Black "GrischukFan"]
[Result "1/2-1/2"]
[WhiteCountry "BIH"]
[BlackCountry "GER"]
[WhiteElo "2135"]
[WhiteRD "87"]
[BlackElo "2214"]
[BlackRD "101"]
[GameID "99074"]

1. e4 c5 2. Nf3 d6 3. d4 cxd4 4. Nxd4 Nf6 5. Nc3 g6 6. f4 Nc6 7. Nxc6 bxc6 8. e5 Nd7 9. exd6 exd6 10. Be3 d5
11. Qd4 Qf6 12. Qxf6 Nxf6 13. Bd3 Bg7 14. Bc5 Be6 15. O-O-O Nd7 16. Bd6 Bf8 17. Bxf8 Rxf8 18. Rhe1 Nc5 19. Ne2 Nxd3+ 20. Rxd3 Kd7=
1/2-1/2